00494nam a2200205Ia 4500003000400000005001700004008004100021020001400062040000700076041000800083082001300091100002900104245002900133260006100162300001600223365000800239440000600247650002300253650001200276OSt20230403103707.0210423s1968 xx 000 0 und d a716604736 cAL aeng a030 WORL aWORLD book encyclopaedia aWorld book encyclopaedia aChicagobField Enterprises educational corporationc1968 avii,628bHB cINR v5 aEncyclopedic Works aGeneral